00562nam a22001812 4500001001100000005001700011008004100028020001700069040001500086245006500101250001300166260002900179300001700208650007100225650005100296700003000347852000300377000001189020151217145852.0090119s xx 000 0 eng d a185567422x : aKABUcKABU10aJudicial review and social welfare /cedited by Trevor Buck. a1st ed. aLondon :bPinter,c1998. axiv, 338 p. 0aJudicial review of administrative actszGreat Britain.@0000167934 0aSocial legislationzGreat Britain.@00001679351 aBuck, Trevor.@00001679361